The finance and accountancy desktop guide : (Record no. 9072)
[ view plain ]
| 000 -LEADER | |
|---|---|
| fixed length control field | 00667cac a22001931u 4500 |
| 090 ## - LOCALLY ASSIGNED LC-TYPE CALL NUMBER (OCLC); LOCAL CALL NUMBER (OCLC) | |
| -- | 9072 |
| 008 - FIXED-LENGTH DATA ELEMENTS--GENERAL INFORMATION | |
| fixed length control field | 081218t 1998xxu||||| |||| 00| 0 eng d |
| 020 ## - INTERNATIONAL STANDARD BOOK NUMBER | |
| International Standard Book Number | 1854181211 |
| 082 ## - DEWEY DECIMAL CLASSIFICATION NUMBER | |
| Classification number | 657 |
| Item number | TIF |
| 100 ## - MAIN ENTRY--PERSONAL NAME | |
| Personal name | Tiffin, Ralph. |
| 245 ## - TITLE STATEMENT | |
| Title | The finance and accountancy desktop guide : |
| Remainder of title | for the non-financial manager / |
| Statement of responsibility, etc | Ralph Tiffin. |
| 260 ## - PUBLICATION, DISTRIBUTION, ETC. (IMPRINT) | |
| Place of publication, distribution, etc | London : |
| Name of publisher, distributor, etc | Thorogood, |
| Date of publication, distribution, etc | 1998. |
| 260 ## - PUBLICATION, DISTRIBUTION, ETC. (IMPRINT) | |
| Name of publisher, distributor, etc | Distributer: Al-ahram |
| 300 ## - PHYSICAL DESCRIPTION | |
| Extent | 323p.: |
| Other physical details | ill.; |
| Dimensions | 23 cm. |
| 650 ## - SUBJECT ADDED ENTRY--TOPICAL TERM | |
| Topical term or geographic name as entry element | Accounting. |
| 650 ## - SUBJECT ADDED ENTRY--TOPICAL TERM | |
| Topical term or geographic name as entry element | Finance. |
| 942 ## - ADDED ENTRY ELEMENTS (KOHA) | |
| Item type | Book - Borrowing |
| Call number prefix | 657TIF |
| Source of classification or shelving scheme | Dewey Decimal Classification |
| Withdrawn status | Item status | Source of classification or shelving scheme | Damaged status | Not for loan | Home library | Current library | Shelving location | Date acquired | Source of acquisition | Total Checkouts | Full call number | Barcode | Date last seen | Koha item type |
|---|---|---|---|---|---|---|---|---|---|---|---|---|---|---|
| Dewey Decimal Classification | Central Library | Central Library | First floor | 16/04/2008 | Purchase | 657 TIF | 000011305 | 15/07/2025 | Book - Borrowing |